| 000 | 00519cam a2200145 4500500 | ||
|---|---|---|---|
| 005 | 20260329004347.0 | ||
| 041 | _afre | ||
| 042 | _adc | ||
| 100 | 1 | 0 |
_aEuvé, François _eauthor |
| 245 | 0 | 0 | _aGeorges Charpak, Roland Omnès , Soyez savants, devenez prophètes , Odile Jacob, 2004, 274 pages, 21,50 € |
| 260 | _c2005. | ||
| 500 | _a11 | ||
| 786 | 0 | _nÉtudes | 402 | 2 | 2005-02-01 | p. XXIII-XXIII | 0014-1941 | |
| 856 | 4 | 1 | _uhttps://shs.cairn.info/revue-etudes-2005-2-page-XXIII?lang=fr&redirect-ssocas=7080 |
| 999 |
_c1833151 _d1833152 |
||